000 00357nam a2200145Ia 4500
008 230312s9999||||xx |||||||||||||| ||und||
020 _a1-284-04760-8
082 _a571.6
_bPLO-P
100 _aPlopper;George
245 0 _aPrinciples of Cell Biology
260 _bJones & Bartlett
_aUSA
_c2016
300 _a565
650 _aMedical
_vBiology
942 _cBK
999 _c11203
_d11203